000 00540nam a22001817a 4500
999 _c9022
_d9022
008 210319b ||||| |||| 00| 0 eng d
040 _aBMS College of Architecture
100 _aN, Shruthi
245 _aDedeepya : A blind relief institute
300 _a53p.
500 _a1BM09AT051
502 _8B.Arch
_NBMS College of Architecture, Visvesvaraya Technological University
_aProject report
_d2013
650 _aBlind
650 _aInstitute
700 _aAjaichandran C K
_eGuide
700 _aBhagyalaxmi M
_eGuide
942 _2ddc
_cTHE